| 000 | 00440nam a22001577a 4500 | ||
|---|---|---|---|
| 020 | _a9788177581706 | ||
| 040 | _cNUST | ||
| 082 | _a670.42 KAL | ||
| 100 | _aKalpakjian, Serope | ||
| 110 |
_aSchmid, Steven R. _9112398 |
||
| 245 | _aManufacturing Engineering and Technology | ||
| 250 | _a4th Edition | ||
| 260 |
_aNew Delhi: _bPearson Education, _c2013. |
||
| 650 |
_aManufacturing Engineering and Technology _9112399 |
||
| 942 |
_2ddc _cBK |
||
| 999 |
_c594785 _d594785 |
||